Gerald D. Schmidt & Larry S. Roberts' foundations of parasitology (Record no. 16006)

MARC details
000 -LEADER
fixed length control field 00640nam a22001937a 4500
008 - FIXED-LENGTH DATA ELEMENTS--GENERAL INFORMATION
fixed length control field 160616b xxu||||| |||| 00| 0 eng d
020 ## - INTERNATIONAL STANDARD BOOK NUMBER
International Standard Book Number 0071311038
040 ## - CATALOGING SOURCE
Original cataloging agency KABU
Transcribing agency KABU
050 ## - LIBRARY OF CONGRESS CALL NUMBER
Classification number QL757
Item number .R585 2013 c. 1
100 ## - MAIN ENTRY--PERSONAL NAME
Personal name Roberts, Larry S.
245 ## - TITLE STATEMENT
Title Gerald D. Schmidt & Larry S. Roberts' foundations of parasitology
Statement of responsibility, etc. Larry S. Roberts, John Janovy
250 ## - EDITION STATEMENT
Edition statement 8th ed.
Remainder of edition statement International student edition
260 ## - PUBLICATION, DISTRIBUTION, ETC. (IMPRINT)
Place of publication, distribution, etc. Boston
Name of publisher, distributor, etc. McGraw-Hill
Date of publication, distribution, etc. 2013
300 ## - PHYSICAL DESCRIPTION
Extent xvii, 701 p.
650 ## - SUBJECT ADDED ENTRY--TOPICAL TERM
Topical term or geographic name as entry element Parasitology
700 ## - ADDED ENTRY--PERSONAL NAME
Personal name Janovy, John
700 ## - ADDED ENTRY--PERSONAL NAME
Personal name Schmidt, Gerald
942 ## - ADDED ENTRY ELEMENTS (KOHA)
Source of classification or shelving scheme Library of Congress Classification
Koha item type General Collection
Classification part QL757 .R585 2013 c. 1

No items available.

Designed with assistance from East African Informatics Ltd